| 000 | 00381nam a22001697a 4500 | ||
|---|---|---|---|
| 005 | 20160628140914.0 | ||
| 008 | 160628b xxu||||| |||| 00| 0 eng d | ||
| 020 | _a978-0-09-951383-4 | ||
| 041 | _aeng | ||
| 082 | _b10570 | ||
| 100 |
_aWod house, P.G. _92870 |
||
| 245 | _aBlandings Castle | ||
| 260 | _bArrow Books | ||
| 300 | _a301 | ||
| 650 |
_aManagement _9241 |
||
| 942 | _cBK | ||
| 999 |
_c4425 _d4424 |
||